000 00782 a2200217 4500
001 216222022
003 UA-OsUOA
005 20220314110910.0
008 220209b un ||||| |||| 00| 0 ukr d
040 _aUA-OsUOA
_bukr
_cUA-OsUOA
_dUA-OsUOA
041 _aukr
080 _a050
090 _a050
_bВ53
245 _aВісті українських інженерів
_pЧисло присвячене професорові Степанові Прокоповичу Тимошенку
_nЧ.1. Р. ХХ
260 _c1969
591 _bОльга Матула
650 _2UDC
_a050 Періодика
942 _cMG
_2udc
955 _a0
999 _c572153
_d572153